| 000 | 00843nam a2200289 4500 | ||
|---|---|---|---|
| 003 | OSt | ||
| 005 | 20260601170958.0 | ||
| 008 | 260508b1993\\\\|||ao|||\||||\00|\0\fre\d | ||
| 020 | _a8807420678 | ||
| 020 | _a9788807420672 | ||
| 040 |
_aICI _bspa _cICI |
||
| 050 |
_aNK1510 _bB8716 |
||
| 100 | 1 | _aBonsiepe, Gui | |
| 245 | 1 |
_aTeoria e pratica del disegno industriale: _bElementi per una manualistica critica |
|
| 264 |
_bFeltrinelli _c1975 _aFrancia |
||
| 300 | _a239 páginas | ||
| 336 |
_atexto _2rdacontent |
||
| 337 |
_asin medio _2rdamedia |
||
| 338 |
_avolumen _2rdacarrier |
||
| 650 |
_aDiseño industrial _915218 |
||
| 650 |
_aDiseño _xTeoría |
||
| 650 | _aDiseño de productos | ||
| 650 |
_aMetodología del diseño _930968 |
||
| 650 | _aDiseño y tecnología | ||
| 650 |
_aCrítica del diseño _930970 |
||
| 942 |
_2lcc _cB _n1 |
||
| 999 |
_c19943 _d19943 |
||